| 000 | 00446nam a22001457a 4500 | ||
|---|---|---|---|
| 003 | OSt | ||
| 005 | 20211125155314.0 | ||
| 008 | 211125b ||||| |||| 00| 0 eng d | ||
| 040 | _cAIMIT LIBRARY | ||
| 082 | _a658.8 DESS | ||
| 100 |
_aDesai, Santosh;Mathew, A F. _eAuthor _qAF Mathew, Santosh Desai. _910863 |
||
| 245 | _aDecoding the cultural language for marketing. | ||
| 260 |
_aExcel Multimedia _bNew Delhi _c2005 |
||
| 942 |
_2ddc _cCD _k658.8 DESS |
||
| 999 |
_c220784 _d220784 |
||